Dutch train stations - Groningen - Statistics

General Stats
  • This quiz has been taken 245 times
  • The average score is 18 of 30
Answer Stats
company Answer % Correct
Arriva/NS Groningen
99%
Arriva Delfzijl
88%
Arriva/NS Groningen Europapark
84%
Arriva Groningen Noord
84%
Arriva Winschoten
81%
Arriva Veendam
79%
Arriva Appingedam
73%
NS Haren
73%
Arriva Hoogezand-Sappemeer
73%
Arriva Winsum
69%
Arriva Bedum
66%
Arriva Roodeschool
63%
Arriva Eemshaven
62%
Arriva Bad-Nieuweschans
58%
Arriva Zuidhorn
53%
Arriva Zuidbroek
52%
Arriva Uithuizen
50%
Arriva Loppersum
48%
Arriva Baflo
46%
Arriva Delfzijl West
46%
Arriva Warffum
44%
Arriva Scheemda
43%
Arriva Stedum
43%
Arriva Sauwerd
42%
Arriva Uithuizermeeden
42%
Arriva Usquert
42%
Arriva Grijpskerk
41%
Arriva Kropswolde
40%
Arriva Martenshoek
39%
Arriva Sappemeer Oost
35%
No matching quizzes found
Score Distribution
Percent of People with Each Score
Percentile by Number Answered
Your Score History
You have not taken this quiz